| 000 | 01138nam a2200337 i 4500 | ||
|---|---|---|---|
| 001 | bg | ||
| 003 | KOSZ 005 | ||
| 005 | 20190801123742.0 | ||
| 008 | 990521s1999 pl a f f |000 0 pol | ||
| 015 | _aPB 1999/7278 | ||
| 020 | _a8301127562 | ||
| 035 | _a(OCoLC)749641994 | ||
| 040 |
_aWA N _cKOSZ 005/HR _dKOSZ 005/HR |
||
| 041 | 0 | _apol | |
| 080 | _a330.43 | ||
| 080 | _a(075.8) | ||
| 245 | 0 | 0 |
_aWprowadzenie do ekonometrii w przykładach i zadaniach / _cAntoni Goryl [et al.] ; red. nauk. Karol Kukuła. |
| 250 | _aWyd. 2 popr. i rozsz., dodruk 2. | ||
| 260 |
_aWarszawa : _bWydaw. Naukowe PWN, _c2003. |
||
| 300 |
_a370, [2] s. : _bwykr. ; _c24 cm. |
||
| 380 | _aKsiążki. | ||
| 504 | _aBibliogr. s. 368-[371]. | ||
| 658 | _aGospodarka, ekonomia, finanse | ||
| 655 | 4 | _aPodręczniki akademickie | |
| 650 | 4 | _aEkonometria | |
| 700 | 1 |
_aKukuła, Karol _d(1948- ). _eRedakcja |
|
| 700 | 1 |
_aGoryl, Antoni. _eAutor |
|
| 710 | 2 |
_aWydawnictwo Naukowe PWN _4pbl. |
|
| 856 |
_uhttp://koha.tu.koszalin.pl/cgi-bin/koha/opac-detail.pl?biblionumber=45439 _yKatalog online BPK |
||
| 942 |
_2UKD _cKS |
||
| 999 |
_c45439 _d45439 |
||